000
00334 a2200157 4500
001
72442
020
_a
8526246038
040
_c
Anchieta - Colégio São Paulo
100
_a
Azevedo, Aluísio
240
1
0
_a
O cortiço
_l
por
245
1
0
_a
O cortiço
300
_a
87
362
0
_a
2004
650
4
_a
Literatura juvenil
942
_c
BK
999
_c
72442
_d
72442